000
00205 a2200109 4500
020
_a
9780316817257
041
_a
eng
100
_a
Stokes, Donald
245
_a
Bird Behavior
942
_c
BK
952
_7
1
999
_c
18273
_d
18273